00939nam a2200229 a 450000100100000000500170001000800410002704000250006808200220009310000520011524501270016725000120029426000530030630000210035949000460038050000210042650400330044770000420048083000530052295201190057599900150069400000890120250307073708.0090921s1954 mx r 001 0 spa d aDO-SdBNPbspacBNPHU axxxxbH519c, 19541 aHenríquez Ureña, Pedro,d1884-1946 9171814aLas corrientes literarias en la América Hispánica /cPedro Henríquez Ureña ; traducción Joaquín Díaz Canedo. a2a. ed. aMéxico :bFondo de Cultura Económica,c1954. a340 p. ;c22 cm.1 aLiteratura moderna pensamiento y acción aIncluye índice aBibliografía : p. 275 -2991 aDíaz Canedo, Joaquín,etr.923467 0aLiteratura moderna pensamiento y acción923468 001050718RVaPDbPDcHDd2009-09-21iLF1l0oxxxx H519c, 1954p8901-10r2020-06-25w2020-06-25y1ZNo se presta c8670d8670